| 000 | 01177nam a22002295i 4500 | ||
|---|---|---|---|
| 001 | 166095 | ||
| 003 | ES-MaACL | ||
| 005 | 20230906213249.0 | ||
| 008 | 050921s1887 sp a | |||||||| ||spa d | ||
| 040 |
_aCAM _bspa _cCAM |
||
| 100 | 1 |
_aTaxil, Léo. _9133151 |
|
| 245 | 1 | 4 |
_aMisterios del Vaticano ó Los subterráneos de Roma _b: novela histórica escrita en francés / _cLéo Taxil y Karl Milo ; primera traducción castellana por Cristóbal Litrán. |
| 250 | _a2ª ed. | ||
| 260 |
_aBarcelona : _bPedro Sabaté, _c1887 ( _fEstablecimiento tipográfico "La Academia") |
||
| 300 |
_a2 v. (303; 508 p.) : _bil. ; _c32 cm. |
||
| 500 | _aEn port.: "Ilustrada con profusión de magníficos grabados al boj intercalados en el texto y foto-grabados tirados en láminas sueltas. | ||
| 595 | _aEl tomo I, el editor Pedro Sabaté y la fecha 1887 en portada, pero en la última página V. Acha editor. El tomo 2º, el editor V. Acha y fecha el año 1885. | ||
| 700 | 1 |
_aMilo, Karl. _9129940 |
|
| 700 | 0 |
_aLitran, Cristobal. _972571 |
|
| 740 | 4 | _aLos subterráneos de Roma. | |
| 852 |
_aES-MaACL _jG-5004-05 _q-- Algunas hh. sueltas _z-- Enc. hol. _z-- Legado de M. de la Fuente |
||
| 999 |
_c166095 _d166095 |
||